<?xml version="1.0" encoding="UTF-8"?>
<marc:record xmlns:marc="http://www.loc.gov/MARC21/slim">
   <marc:leader>00000nam a2200000 a 4500</marc:leader>
   <marc:datafield ind1="1" ind2=" " tag="100">
      <marc:subfield code="a">Hartmann, Walter</marc:subfield>
      <marc:subfield code="4">aut</marc:subfield>
      <marc:subfield code="e">Verfasser/-in</marc:subfield>
   </marc:datafield>
   <marc:datafield ind1=" " ind2=" " tag="653">
      <marc:subfield code="a">Softcover / Ratgeber/Natur/Garten</marc:subfield>
   </marc:datafield>
   <marc:datafield ind1="0" ind2="0" tag="245">
      <marc:subfield code="a">Alte Obstsorten</marc:subfield>
   </marc:datafield>
   <marc:datafield ind1="0" ind2="0" tag="245">
      <marc:subfield code="c">Walter Hartmann</marc:subfield>
   </marc:datafield>
   <marc:datafield ind1=" " ind2="1" tag="264">
      <marc:subfield code="a">Stuttgart (Hohenheim)</marc:subfield>
      <marc:subfield code="b">Verlag Eugen Ulmer</marc:subfield>
   </marc:datafield>
   <marc:datafield ind1="1" ind2=" " tag="490">
      <marc:subfield code="a">Ulmers Taschenatlas</marc:subfield>
   </marc:datafield>
   <marc:datafield ind1=" " ind2=" " tag="250">
      <marc:subfield code="a">6., erweiterte Auflage</marc:subfield>
   </marc:datafield>
   <marc:datafield ind1="1" ind2=" " tag="520">
      <marc:subfield code="a">Angaben aus der Verlagsmeldung

Alte Obstsorten : Schnittbilder, Stein- und Samenabbildungen in Originalgröße / von Walter Hartmann

Alte Obstsorten sind heute mehr gefragt, denn je. Im Taschenatlas Alte Obstsorten wird Ihnen eine Auswahl obstbaulich und pomologisch wertvoller alter Apfelsorten, Most- und Wirtschaftsbirnen sowie alte Sorten von Pflaumen, Zwetschen, Süß- und Sauerkirschen vorgestellt. Sortentypische Bilder und detaillierte Schnittbilder beim Apfel, Abbildungen der Steine bei Pflaumen und Zwetschen in Originalgröße, Abbildungen der Kerne von Tafelbirnen in Originalgröße sowie wichtige Unterscheidungsmerkmale helfen Ihnen, die 296 alten Obstsorten sicher zu bestimmen. Außerdem finden Sie wichtige Hinweise auf Krankheitsanfälligkeit, Standortansprüche, Ertragsleistung und Verwertungseigenschaften.
</marc:subfield>
   </marc:datafield>
   <marc:datafield ind1=" " ind2=" " tag="020">
      <marc:subfield code="a">9783818609535</marc:subfield>
      <marc:subfield code="9">9783818609535</marc:subfield>
   </marc:datafield>
   <marc:datafield ind1=" " ind2=" " tag="020">
      <marc:subfield code="a">3818609535</marc:subfield>
      <marc:subfield code="9">3818609535</marc:subfield>
   </marc:datafield>
   <marc:datafield ind1=" " ind2=" " tag="041">
      <marc:subfield code="a">ger</marc:subfield>
   </marc:datafield>
   <marc:datafield ind1=" " ind2=" " tag="300">
      <marc:subfield code="a">351 Seiten</marc:subfield>
   </marc:datafield>
</marc:record>
